000 00309 a2200109 4500
001 55412
082 _a621.384135 MIR
090 _c34399
_d34399
100 _aMiron, Douglas B. Ph. D
245 _aSmall antenna design + CD
_cDouglas B. Miron
260 _aAmsterdam
_bElsevier Butter worth henemann
_c2006
942 _aNUST-CAE
_k621.384135 MIR
999 _c290485
_d290485